[Event "2022 Fred Maris Cup (Division A)"]
[Site "Woodvale, Perth WA AUS"]
[Date "2022.06.15"]
[Round "1"]
[White "Saxon, Marc"]
[Black "Doshi, Chirag"]
[Result "1-0"]
[WhiteElo "2015"]
[BlackElo "1825"]
[PlyCount "81"]
[EventDate "2022.06.15"]
[EventType "swiss"]
[EventRounds "6"]
[EventCountry "AUS"]

1. e4 e5 2. Nf3 Nc6 3. Bb5 d6 4. O-O a6 5. Ba4 Bg4 6. h3 Bh5 7. c3 Qf6 8. d3
Bxf3 9. Qxf3 Qxf3 10. gxf3 O-O-O 11. f4 f6 12. f5 g6 13. fxg6 hxg6 14. Bb3 Kd7
15. f4 Bg7 16. Kh2 Nh6 17. Rg1 Ne7 18. f5 g5 19. c4 Nc6 20. Kg3 Nd4 21. Bd1 c6
22. a4 Ke7 23. Nc3 Kf7 24. b4 Ng8 25. Rb1 Ne7 26. Be3 d5 27. cxd5 cxd5 28. Bxd4
exd4 29. Nxd5 Nxd5 30. exd5 Rxd5 31. Bb3 Rhd8 32. Rbc1 Ke8 33. Bxd5 Rxd5 34.
Rc8+ Rd8 35. Re1+ Kd7 36. Rc4 Bf8 37. Rxd4+ Bd6+ 38. Kg2 Kc8 39. Re6 Be5 40.
Rxd8+ Kxd8 41. d4 1-0

[Event "2022 Fred Maris Cup (Division A)"]
[Site "Woodvale, Perth WA AUS"]
[Date "2022.06.15"]
[Round "1"]
[White "Clarke, Daniel"]
[Black "Janceski, Alex"]
[Result "1-0"]
[WhiteElo "1784"]
[BlackElo "1930"]
[PlyCount "43"]
[EventDate "2022.06.15"]
[EventType "swiss"]
[EventRounds "6"]
[EventCountry "AUS"]

1. e4 c5 2. Nf3 e6 3. d4 cxd4 4. Nxd4 a6 5. Bd3 b5 6. O-O Bb7 7. a4 b4 8. Nd2
h6 9. a5 d6 10. Qe2 Nd7 11. f4 Ngf6 12. e5 dxe5 13. fxe5 Bc5 14. N2b3 Nd5 15.
Kh1 Qc7 16. Qh5 O-O-O 17. Rxf7 Rde8 18. Qe2 Ba7 19. Bxa6 g5 20. Qb5 Ne7 21.
Nxe6 Qc6 22. Qxc6+ 1-0

[Event "2022 Fred Maris Cup (Division A)"]
[Site "Woodvale, Perth WA AUS"]
[Date "2022.06.15"]
[Round "1"]
[White "Plaganyi, Gyula"]
[Black "List, Ross"]
[Result "1-0"]
[WhiteElo "1903"]
[WhiteTitle "CM"]
[BlackElo "1755"]
[PlyCount "87"]
[EventDate "2022.06.15"]
[EventType "swiss"]
[EventRounds "6"]
[EventCountry "AUS"]

1. e4 c5 2. d4 cxd4 3. Nf3 Nc6 4. Bc4 e6 5. O-O Qc7 6. c3 d3 7. Bxd3 Nge7 8. c4
b6 9. Nc3 a6 10. Be3 Ng6 11. Rc1 Bc5 12. Re1 O-O 13. Qd2 Rb8 14. b3 Ba3 15.
Rcd1 Rd8 16. Bb1 Bb4 17. Qb2 Bb7 18. a3 Bd6 19. Rxd6 Qxd6 20. Bxb6 Re8 21. Rd1
Qe7 22. Bc7 Rbc8 23. Bd6 Qf6 24. Qd2 Na5 25. Bc2 Bc6 26. Qd3 Nb7 27. e5 Qd8 28.
Ne4 Bxe4 29. Qxe4 Nxd6 30. Rxd6 Qa5 31. h4 Qxa3 32. h5 Qc1+ 33. Rd1 Qf4 34.
hxg6 Qxe4 35. Bxe4 hxg6 36. Rxd7 Rb8 37. Bb7 a5 38. c5 Red8 39. Rxd8+ Rxd8 40.
c6 Rd1+ 41. Kh2 Rc1 42. Nd4 Rc5 43. f4 Kf8 44. Nb5 1-0

[Event "2022 Fred Maris Cup (Division A)"]
[Site "Woodvale, Perth WA AUS"]
[Date "2022.06.15"]
[Round "1"]
[White "Gough, Dylan"]
[Black "Gibson, Jacob"]
[Result "1/2-1/2"]
[WhiteElo "1710"]
[BlackElo "1864"]
[PlyCount "167"]
[EventDate "2022.06.15"]
[EventType "swiss"]
[EventRounds "6"]
[EventCountry "AUS"]

1. d4 Nf6 2. c4 c5 3. Bg5 cxd4 4. Bxf6 Qa5+ 5. Nd2 exf6 6. a3 d5 7. b4 Qd8 8.
Ngf3 dxc4 9. Nxc4 Be6 10. e3 Qc7 11. Rc1 dxe3 12. Nxe3 Nc6 13. Bb5 Qb6 14. Qe2
a6 15. Nd5 Qd8 16. Bxc6+ bxc6 17. Ne3 Rc8 18. Qxa6 Bd7 19. Qd3 Be7 20. O-O O-O
21. Rfd1 Be6 22. Qxd8 Rfxd8 23. Rxd8+ Bxd8 24. Nd4 Bd7 25. Kf1 Kf8 26. Ke2 Bb6
27. Rd1 Ra8 28. Nc4 Bxd4 29. Rxd4 Be6 30. Na5 c5 31. Rd2 cxb4 32. axb4 Ra6 33.
Rc2 Rb6 34. Rb2 Ke7 35. Kd3 Kd7 36. Kd4 Rb5 37. Kc3 Kc7 38. Rd2 Rh5 39. h3 Rg5
40. f3 Rf5 41. Nb3 Rf4 42. Rd4 Rf5 43. Nc5 Kc6 44. Ne4 Re5 45. Rd6+ Kb5 46. Rd8
f5 47. Nd6+ Kc6 48. Nc4 Re1 49. Rd6+ Kc7 50. Rd2 Rc1+ 51. Kd3 Rxc4 52. Rb2 Kb6
53. b5 Rc5 54. Kd4 Rd5+ 55. Ke3 Rxb5 56. Rd2 Kc5 57. Kf4 Rb4+ 58. Kg3 Rd4 59.
Rc2+ Rc4 60. Rd2 Kb4 61. Rd8 Kc3 62. Rd6 Rd4 63. Ra6 Kd2 64. Kf2 f4 65. Rb6 Kc3
66. Rc6+ Bc4 67. Kg1 Rd2 68. Rc7 Rd1+ 69. Kh2 Kd2 70. Rxc4 g5 71. h4 f6 72.
hxg5 fxg5 73. Rc5 h6 74. Rc6 Ke3 75. Rxh6 Kf2 76. Rg6 Rd8 77. Rh6 Rg8 78. Kh3
Rg7 79. Rh5 Rg6 80. Rh8 Rg7 81. Rh5 Rg8 82. Rh6 Kg1 83. Rh5 Rg7 84. Rh8 1/2-1/2

[Event "2022 Fred Maris Cup (Division A)"]
[Site "Woodvale, Perth WA AUS"]
[Date "2022.06.15"]
[Round "1"]
[White "Barry, David"]
[Black "Bhatia, Abhay"]
[Result "1-0"]
[WhiteElo "1834"]
[BlackElo "1668"]
[PlyCount "201"]
[EventDate "2022.06.15"]
[EventType "swiss"]
[EventRounds "6"]
[EventCountry "AUS"]

1. e4 e5 2. Nf3 d6 3. d4 exd4 4. Nxd4 c6 5. Nc3 Be7 6. Be2 Nf6 7. O-O O-O 8.
Be3 Nbd7 9. Nf5 Ne5 10. Nxe7+ Qxe7 11. h3 h6 12. f4 Ng6 13. Bd3 c5 14. Qe2 a6
15. Qf2 b5 16. e5 Ne8 17. exd6 Nxd6 18. Nd5 Qb7 19. Rad1 Qxd5 20. Bxg6 Qc6 21.
Bxc5 fxg6 22. Rxd6 Qe4 23. Rd4 Qf5 24. Bxf8 Qxf8 25. Rfd1 Be6 26. Qe3 Bf7 27.
Qd2 Kh7 28. b3 Re8 29. Qd3 Qc5 30. Kh2 a5 31. Re4 Rc8 32. Rd2 Rf8 33. Qd6 Qc8
34. Re7 Qf5 35. g4 Qc8 36. Qd7 Qc3 37. Rde2 Qf3 38. Qd4 h5 39. gxh5 Qxh5 40.
R2e5 Qf3 41. Rxb5 Rd8 42. Qe3 Qd1 43. Rxf7 Qxc2+ 44. Kg3 Rd3 45. Re5 Rxe3+ 46.
Rxe3 Qxa2 47. Rb7 Qd2 48. Ree7 Qd3+ 49. Kf2 Qd2+ 50. Kf3 Qd1+ 51. Ke4 Qe2+ 52.
Kd5 Qf3+ 53. Ke5 Qh5+ 54. Kd6 Qd1+ 55. Kc7 Qc1+ 56. Kb6 Qg1+ 57. Kxa5 Qc5+ 58.
Ka4 Qd4+ 59. b4 Qd1+ 60. Ka5 Qd8+ 61. Ka6 Qa8+ 62. Kb6 Qd8+ 63. Ka6 Qa8+ 64.
Kb5 g5 65. Rxg7+ Kh6 66. fxg5+ Kh5 67. Rh7+ Kxg5 68. h4+ Kg6 69. h5+ Kg5 70.
Rbg7+ Kf6 71. Rg6+ Kf5 72. Rf7+ Ke5 73. Rc6 Qb8+ 74. Kc4 Qe8 75. Rfc7 Qg8+ 76.
Kb5 Qb8+ 77. Ka4 Qa8+ 78. Kb3 Qg8+ 79. Kb2 Qg2+ 80. Ka3 Qf3+ 81. Rc3 Qa8+ 82.
Kb3 Qd5+ 83. Ka4 Qa8+ 84. Kb5 Qb8+ 85. Ka6 Qxb4 86. R3c5+ Kf6 87. R7c6+ Kg7 88.
h6+ Kh7 89. Rb5 Qa4+ 90. Kb6 Qd4+ 91. Kb7 Qe4 92. Rbb6 Qf3 93. Ka7 Qa3+ 94. Kb8
Qf8+ 95. Rc8 Qf4+ 96. Rc7+ Kh8 97. Rbb7 Qd6 98. Ka8 Qa6+ 99. Ra7 Qe6 100. Rh7+
Kg8 101. Rag7+ 1-0

[Event "2022 Fred Maris Cup (Division A)"]
[Site "Woodvale, Perth WA AUS"]
[Date "2022.06.15"]
[Round "1"]
[White "Garang, Kuol Awan"]
[Black "Hernandez Mendez, Iker"]
[Result "0-1"]
[WhiteElo "1645"]
[BlackElo "1826"]
[PlyCount "62"]
[EventDate "2022.06.15"]
[EventType "swiss"]
[EventRounds "6"]
[EventCountry "AUS"]

1. e4 c5 2. f4 d5 3. e5 Nc6 4. c3 Qb6 5. d3 e6 6. Nf3 Bd7 7. Be2 Be7 8. Qc2 Nh6
9. a3 Nf5 10. g4 Nh4 11. Nbd2 Ng2+ 12. Kf2 Nxf4 13. Nc4 dxc4 14. Bxf4 cxd3 15.
Bxd3 c4+ 16. Be3 cxd3 17. Qxd3 Qc7 18. Rhd1 Rd8 19. Qe4 O-O 20. b4 Bc8 21. Rac1
b6 22. Bf4 Bb7 23. Qc2 Rxd1 24. Rxd1 Rd8 25. g5 Bf8 26. h4 Ne7 27. Nd4 Nd5 28.
Nb5 Qc4 29. Nxa7 Qxf4+ 30. Kg1 Ne3 31. Rxd8 Qg3+ 0-1

[Event "2022 Fred Maris Cup (Division B)"]
[Site "Woodvale, Perth WA AUS"]
[Date "2022.06.15"]
[Round "1"]
[White "Hintz, Steven"]
[Black "Knight, Charles"]
[Result "1-0"]
[WhiteElo "1572"]
[BlackElo "1445"]
[PlyCount "53"]
[EventDate "2022.06.15"]
[EventType "tourn"]
[EventRounds "5"]
[EventCountry "AUS"]

1. Nf3 d5 2. g3 c5 3. Bg2 Nc6 4. d4 Nf6 5. O-O Bg4 6. c3 Bxf3 7. Bxf3 e6 8. Bg5
h6 9. Bc1 Be7 10. dxc5 Bxc5 11. Nd2 Ne5 12. Bg2 O-O 13. Nf3 Nfg4 14. Nxe5 Nxe5
15. Qc2 Rb8 16. Bf4 Qf6 17. Rad1 Rfc8 18. e4 g5 19. Bxe5 Qxe5 20. exd5 exd5 21.
Rxd5 Qe7 22. Rfd1 b5 23. Qf5 Qe2 24. R5d2 Qe8 25. Be4 Kf8 26. Rd7 Bb6 27. Qh7
1-0

[Event "2022 Fred Maris Cup (Division B)"]
[Site "Woodvale, Perth WA AUS"]
[Date "2022.06.15"]
[Round "1"]
[White "Oswald, Franz"]
[Black "Boswarva, Ernest"]
[Result "1/2-1/2"]
[WhiteElo "1551"]
[BlackElo "1506"]
[PlyCount "93"]
[EventDate "2022.06.15"]
[EventType "tourn"]
[EventRounds "5"]
[EventCountry "AUS"]

1. d4 d5 2. c4 c6 3. Nf3 Nf6 4. Nc3 e6 5. e3 Bd6 6. Bd3 Nbd7 7. O-O e5 8. dxe5
Nxe5 9. Nxe5 Bxe5 10. cxd5 Qd6 11. f4 Bxc3 12. bxc3 Nxd5 13. Qc2 Be6 14. Kh1
O-O-O 15. Be2 Qc5 16. f5 Qxc3 17. Qxc3 Nxc3 18. fxe6 Nxe2 19. exf7 Nxc1 20.
Raxc1 Rhf8 21. Rc2 Rd7 22. Rcf2 Re7 23. Rf3 Kd7 24. g3 Ke6 25. Rf4 Rfxf7 26.
Re4+ Kd5 27. Rd4+ Ke5 28. Rc1 Rd7 29. Ra4 a6 30. Rf4 Rf6 31. Rc2 Rd3 32. Re2 c5
33. Kg2 b5 34. Kf3 Rxf4+ 35. gxf4+ Kf5 36. Rg2 Kf6 37. Rc2 c4 38. a4 Kf5 39.
axb5 axb5 40. Rg2 Kf6 41. Ke4 b4 42. Rg5 Ra3 43. Kd4 c3 44. Kd3 Ra2 45. Rb5 c2
46. Kd2 c1=Q+ 47. Kxc1 1/2-1/2

[Event "2022 Fred Maris Cup (Division B)"]
[Site "Woodvale, Perth WA AUS"]
[Date "2022.06.15"]
[Round "1"]
[White "Davis, Geoff"]
[Black "De Vas, Yonal"]
[Result "0-1"]
[WhiteElo "1532"]
[BlackElo "1523"]
[PlyCount "94"]
[EventDate "2022.06.15"]
[EventType "tourn"]
[EventRounds "5"]
[EventCountry "AUS"]

1. d4 d5 2. e3 c5 3. c4 e6 4. Nf3 Nc6 5. Be2 Nf6 6. Nc3 Bd6 7. a3 a5 8. O-O O-O
9. Qc2 cxd4 10. exd4 dxc4 11. Bxc4 Qc7 12. Nb5 Qb8 13. Nxd6 Qxd6 14. Be3 Ng4
15. Rad1 b6 16. h3 Nxe3 17. fxe3 Bb7 18. Ng5 g6 19. Ne4 Qc7 20. Nf6+ Kg7 21.
Qf2 Ne7 22. Bd3 Nf5 23. e4 Kxf6 24. exf5 exf5 25. Rde1 Rfe8 26. Rc1 Qd6 27. g4
Qd5 28. Kh2 Kg7 29. gxf5 Rad8 30. Bc4 Qd6+ 31. Qf4 Qxd4 32. Qxd4+ Rxd4 33. fxg6
Rd2+ 34. Kg3 Rg2+ 35. Kf4 Re4+ 36. Kf3 Rxc4+ 37. Ke3 Re4+ 38. Kd3 Rxg6 39. Rc7
Rd6+ 40. Kc2 Rc6+ 41. Rxc6 Bxc6 42. Rg1+ Kh8 43. Kd3 Rh4 44. Rg3 Bd7 45. Ke3
Rxh3 46. Rxh3 Bxh3 47. Kf3 f5 0-1

[Event "2022 Fred Maris Cup (Division C)"]
[Site "Woodvale, Perth WA AUS"]
[Date "2022.07.13"]
[Round "1"]
[White "Leech, Martin"]
[Black "Sowden, Miles"]
[Result "1/2-1/2"]
[WhiteElo "1476"]
[BlackElo "1510"]
[PlyCount "109"]
[EventDate "2022.06.15"]
[EventType "tourn"]
[EventRounds "5"]
[EventCountry "AUS"]

1. e4 e5 2. Nf3 Nc6 3. d4 exd4 4. Nxd4 Nxd4 5. Qxd4 Qf6 6. Be3 Qxd4 7. Bxd4 d6
8. Nc3 c5 9. Be3 Be6 10. Bb5+ Bd7 11. Bxd7+ Kxd7 12. O-O-O Kc6 13. f3 f6 14.
Nd5 Ne7 15. Rhe1 Nxd5 16. exd5+ Kc7 17. g4 g5 18. Rd3 h5 19. h3 hxg4 20. hxg4
Rd8 21. Bd2 b6 22. Bc3 Bg7 23. Rde3 Rd7 24. Re7 Rhd8 25. Rxg7 Rxg7 26. Bxf6
Rdd7 27. Bxg7 Rxg7 28. Kd2 c4 29. Re4 b5 30. f4 gxf4 31. Rxf4 Rg5 32. Ke3 Kb6
33. a3 Kc5 34. Kf3 Kxd5 35. Rf5+ Rxf5+ 36. gxf5 Ke5 37. Kg4 Kf6 38. c3 a5 39.
Kf4 d5 40. Kg4 b4 41. axb4 axb4 42. cxb4 d4 43. Kf3 c3 44. bxc3 dxc3 45. Ke2
Kxf5 46. Kd3 c2 47. Kxc2 Ke4 48. Kb3 Kd5 49. Ka4 Kc6 50. Ka5 Kb7 51. Kb5 Kb8
52. Kb6 Ka8 53. Kc7 Ka7 54. b5 Ka8 55. b6 1/2-1/2

[Event "2022 Fred Maris Cup (Division C)"]
[Site "Woodvale, Perth WA AUS"]
[Date "2022.06.15"]
[Round "1"]
[White "Howard, Mark"]
[Black "Brooke, John"]
[Result "1-0"]
[WhiteElo "1463"]
[BlackElo "1346"]
[PlyCount "149"]
[EventDate "2022.06.15"]
[EventType "tourn"]
[EventRounds "5"]
[EventCountry "AUS"]

1. e4 e5 2. Nf3 Nc6 3. Bb5 d6 4. Bxc6+ bxc6 5. h3 Nf6 6. d3 Rb8 7. b3 Bb7 8.
Bg5 Be7 9. O-O c5 10. c4 O-O 11. Nc3 c6 12. Ne2 Re8 13. Ng3 Bc8 14. Nh4 h6 15.
Bxf6 Bxf6 16. Nhf5 Bxf5 17. Nxf5 d5 18. Qg4 Bg5 19. h4 g6 20. hxg5 Qxg5 21.
Qxg5 hxg5 22. Ng3 d4 23. f3 Kg7 24. Kf2 Rh8 25. Rh1 a5 26. Rxh8 Kxh8 27. Ne2
Kg7 28. Rh1 f6 29. g3 Re8 30. f4 Rf8 31. fxe5 fxe5+ 32. Kg2 Rf6 33. Rf1 Re6 34.
g4 Re7 35. Ng1 a4 36. Nh3 axb3 37. axb3 Kh6 38. Rb1 Rb7 39. Kf2 Rf7+ 40. Ke2
Rb7 41. Kd2 Rf7 42. Ke2 Rb7 43. Ng1 Kg7 44. Nf3 Kf6 45. Nd2 Rh7 46. Rf1+ Ke7
47. Nf3 Kf6 48. Nxd4+ Kg7 49. Nxc6 Rh2+ 50. Rf2 Rh1 51. Nxe5 Rb1 52. Rf7+ Kg8
53. Rb7 Rb2+ 54. Ke3 Rb1 55. Nd7 Re1+ 56. Kd2 Rg1 57. Ne5 Rg2+ 58. Kc3 Rf2 59.
Rc7 Rf4 60. Rxc5 Kg7 61. b4 Rf1 62. b5 Kf6 63. Kd4 Rb1 64. Rc6+ Kg7 65. b6 Rb3
66. Rc7+ Kf6 67. b7 Rb5 68. cxb5 Ke6 69. Rc6+ Ke7 70. Nxg6+ Kd7 71. Nf8+ Ke7
72. b8=Q Kf7 73. Qb7+ Kg8 74. Rg6+ Kxf8 75. Ra6 1-0

[Event "2022 Fred Maris Cup (Division C)"]
[Site "Woodvale, Perth WA AUS"]
[Date "2022.06.15"]
[Round "1"]
[White "Massam, Justin"]
[Black "Hounsome, David"]
[Result "0-1"]
[WhiteElo "1442"]
[BlackElo "1334"]
[PlyCount "90"]
[EventDate "2022.06.15"]
[EventType "tourn"]
[EventRounds "5"]
[EventCountry "AUS"]

1. d4 d5 2. Nf3 Nf6 3. Bf4 b6 4. e3 Bb7 5. Nbd2 e6 6. c3 Bd6 7. Bd3 O-O 8. O-O
Bxf4 9. exf4 Nbd7 10. Ne5 c5 11. b3 Rc8 12. Rc1 cxd4 13. cxd4 Qe7 14. Qe2 Rxc1
15. Rxc1 Rc8 16. Rxc8+ Bxc8 17. Nc6 Qa3 18. Qd1 Bb7 19. Qc2 Bxc6 20. Qxc6 Qxa2
21. Qc8+ Nf8 22. Qc1 Qa5 23. g3 Qb4 24. Qb2 N8d7 25. Nf3 Nb8 26. Qc2 Nbd7 27.
Ne5 g6 28. Nxd7 Nxd7 29. Qb2 Kg7 30. Kg2 f5 31. Ba6 Nb8 32. Bc8 Kf6 33. h4 Nc6
34. Qe2 Nxd4 35. Qe5+ Kf7 36. Qc7+ Qe7 37. Qc3 Qc5 38. Qxc5 bxc5 39. Kf1 Nxb3
40. Ke1 c4 41. Kd1 Nc5 42. Kc2 Ke7 43. Kc3 Kd8 44. Bxe6 Nxe6 45. f3 Kd7 0-1

[Event "2022 Fred Maris Cup (Division D)"]
[Site "Woodvale, Perth WA AUS"]
[Date "2022.06.15"]
[Round "1"]
[White "Powell, Darren"]
[Black "Gough, Sebastian"]
[Result "1-0"]
[WhiteElo "1232"]
[BlackElo "1050"]
[PlyCount "73"]
[EventDate "2022.06.15"]
[EventType "tourn"]
[EventRounds "5"]
[EventCountry "AUS"]

1. e4 c5 2. Bc4 Nc6 3. Nf3 e6 4. d4 d5 5. exd5 exd5 6. Bb5 Qa5+ 7. Nc3 Bd7 8.
Qe2+ Nge7 9. dxc5 a6 10. Bxc6 Bxc6 11. Be3 Rd8 12. Bd4 Bb5 13. Qe3 f6 14. Qe6
Bd7 15. Qe3 Bb5 16. a4 Bc6 17. Nd2 b5 18. cxb6 Rb8 19. Nb3 Qb4 20. Qf4 Rb7 21.
O-O Ng6 22. Qe3+ Qe7 23. Qxe7+ Bxe7 24. Na5 O-O 25. Nxc6 Re8 26. Nxd5 Bd6 27.
c4 Re4 28. c5 Bxh2+ 29. Kxh2 Rh4+ 30. Kg1 Rd7 31. Nde7+ Rxe7 32. Nxe7+ Nxe7 33.
Rad1 Nd5 34. b7 Nf4 35. b8=Q+ Kf7 36. Rfe1 Nxg2 37. Qe8# 1-0

[Event "2022 Fred Maris Cup (Division D)"]
[Site "Woodvale, Perth WA AUS"]
[Date "2022.06.15"]
[Round "1"]
[White "Lanham, Bruce"]
[Black "Markou, Victor"]
[Result "1-0"]
[WhiteElo "1168"]
[BlackElo "1117"]
[PlyCount "69"]
[EventDate "2022.06.15"]
[EventType "tourn"]
[EventRounds "5"]
[EventCountry "AUS"]

1. d4 d5 2. Nf3 e6 3. g3 Nf6 4. Bg2 g6 5. O-O Bg7 6. c4 O-O 7. Nc3 Nbd7 8. b3
c5 9. Bg5 Qa5 10. Qc2 dxc4 11. dxc5 cxb3 12. Qxb3 Qxc5 13. Rac1 Qb6 14. Rfd1
Qxb3 15. axb3 Nc5 16. Nd2 h6 17. Bxf6 Bxf6 18. Nce4 Nxe4 19. Nxe4 Bg7 20. Rc7
b6 21. Nf6+ Bxf6 22. Bxa8 Ba6 23. Bf3 e5 24. Rxa7 Bb5 25. e3 Re8 26. Bd5 Re7
27. Rxe7 Bxe7 28. Bc4 Be8 29. f3 Bc5 30. Kf2 b5 31. Be2 g5 32. Rd5 Be7 33. Rxe5
Kf8 34. Bxb5 Bxb5 35. Rxb5 1-0

[Event "2022 Fred Maris Cup (Division E)"]
[Site "Woodvale, Perth WA AUS"]
[Date "2022.06.15"]
[Round "1"]
[White "De Vas, Senudi"]
[Black "Rennie, Mike"]
[Result "1-0"]
[WhiteElo "1050"]
[BlackElo "880"]
[PlyCount "83"]
[EventDate "2022.06.15"]
[EventType "tourn"]
[EventRounds "5"]
[EventCountry "AUS"]

1. d4 d5 2. c4 e6 3. e3 Bb4+ 4. Bd2 Nc6 5. Qa4 Bd7 6. Bxb4 Nf6 7. cxd5 Nxd5 8.
Ba3 Nxd4 9. Qxd4 f6 10. Bc4 Bc6 11. Bxd5 Bxd5 12. e4 Bc6 13. Qxd8+ Rxd8 14. Nc3
Rd3 15. Nf3 g5 16. h3 Kf7 17. O-O Rg8 18. Nh2 Rgd8 19. Ng4 R8d4 20. e5 f5 21.
Ne3 g4 22. Nc2 Rf4 23. Nb4 Rd2 24. Nxc6 bxc6 25. Rad1 Rdd4 26. Ne2 Rde4 27.
Nxf4 Rxf4 28. Rd7+ Kg6 29. Rxc7 gxh3 30. gxh3 Rh4 31. Rxc6 Rxh3 32. Rxe6+ Kh5
33. Re7 Kg4 34. Rxa7 h5 35. e6 Rh4 36. e7 Kf3 37. e8=Q Rg4+ 38. Kh1 Rh4+ 39.
Kg1 Rg4+ 40. Kh2 Rg2+ 41. Kh3 Rg4 42. Qe3# 1-0

[Event "2022 Fred Maris Cup (Division A)"]
[Site "Woodvale, Perth WA AUS"]
[Date "2022.06.22"]
[Round "2"]
[White "Gibson, Jacob"]
[Black "Clarke, Daniel"]
[Result "0-1"]
[WhiteElo "1864"]
[BlackElo "1784"]
[PlyCount "54"]
[EventDate "2022.06.15"]
[EventType "swiss"]
[EventRounds "6"]
[EventCountry "AUS"]

1. e4 e5 2. Nf3 Nc6 3. Bb5 a6 4. Ba4 Nf6 5. O-O Be7 6. Re1 b5 7. Bb3 d6 8. h3
O-O 9. c3 Na5 10. Bc2 c5 11. d4 Qc7 12. Nbd2 cxd4 13. cxd4 Nc6 14. Nb3 a5 15.
a4 Nb4 16. Bd3 bxa4 17. Rxa4 Bd7 18. Ra1 a4 19. Be3 Nxd3 20. Qxd3 axb3 21. Rac1
Qb7 22. Bg5 h6 23. dxe5 dxe5 24. Bxf6 Bxf6 25. Rc3 Be6 26. Nd2 Rfd8 27. Qe3 Bg5
0-1

[Event "2022 Fred Maris Cup (Division A)"]
[Site "Woodvale, Perth WA AUS"]
[Date "2022.06.22"]
[Round "2"]
[White "Roebuck, Derek"]
[Black "Gough, Dylan"]
[Result "1/2-1/2"]
[WhiteElo "1822"]
[BlackElo "1710"]
[PlyCount "51"]
[EventDate "2022.06.15"]
[EventType "swiss"]
[EventRounds "6"]
[EventCountry "AUS"]

1. e4 c6 2. Nc3 d5 3. d4 dxe4 4. Nxe4 Bf5 5. Ng3 Bg6 6. h4 h6 7. h5 Bh7 8. Nf3
Nf6 9. Bc4 e6 10. Qe2 Bd6 11. Ne5 Bxe5 12. dxe5 Nd5 13. Bxd5 cxd5 14. Qg4 Rg8
15. Qe2 Qc7 16. c3 Nd7 17. f4 Nc5 18. Be3 Bd3 19. Qd2 Bb5 20. Bxc5 Qxc5 21. Ne2
Bxe2 22. Kxe2 Qc4+ 23. Kf2 O-O-O 24. Qd4 Kb8 25. Qxc4 dxc4 26. Rad1 1/2-1/2

[Event "2022 Fred Maris Cup (Division A)"]
[Site "Woodvale, Perth WA AUS"]
[Date "2022.06.22"]
[Round "2"]
[White "Janceski, Alex"]
[Black "Bhatia, Abhay"]
[Result "1-0"]
[WhiteElo "1930"]
[BlackElo "1668"]
[PlyCount "59"]
[EventDate "2022.06.15"]
[EventType "swiss"]
[EventRounds "6"]
[EventCountry "AUS"]

1. d4 d5 2. c4 e6 3. a3 Nf6 4. e3 Be7 5. Nf3 O-O 6. b4 b6 7. Bb2 Bb7 8. Nbd2 c5
9. dxc5 bxc5 10. b5 a6 11. a4 Nbd7 12. Be2 dxc4 13. Qc2 axb5 14. axb5 Rxa1+ 15.
Bxa1 Qa5 16. O-O Qxb5 17. Bxc4 Qc6 18. Rb1 Ra8 19. h3 Qc7 20. Bc3 Nb6 21. Be5
Qd8 22. Be2 Bxf3 23. Bxf3 Nbd5 24. Qb3 Rc8 25. Rd1 Nd7 26. Bg3 Nc7 27. Nc4 Rb8
28. Qa4 Nd5 29. Bxb8 Nxb8 30. e4 1-0

[Event "2022 Fred Maris Cup (Division A)"]
[Site "Woodvale, Perth WA AUS"]
[Date "2022.06.22"]
[Round "2"]
[White "List, Ross"]
[Black "Garang, Kuol Awan"]
[Result "1-0"]
[WhiteElo "1755"]
[BlackElo "1645"]
[PlyCount "107"]
[EventDate "2022.06.15"]
[EventType "swiss"]
[EventRounds "6"]
[EventCountry "AUS"]

1. d4 d5 2. c4 Nf6 3. cxd5 Nxd5 4. e4 Nf6 5. Nc3 Nc6 6. Nf3 Bg4 7. d5 Ne5 8.
Nxe5 Bxd1 9. Bb5+ c6 10. dxc6 a6 11. c7+ axb5 12. cxd8=Q+ Rxd8 13. Nxd1 Nxe4
14. O-O g6 15. Re1 Bg7 16. Nf3 f5 17. Ng5 Nc5 18. Be3 Nd3 19. Re2 Bf6 20. Ne6
Rd7 21. Nc5 Nxc5 22. Bxc5 Rd5 23. Bb4 Kf7 24. Nc3 Rd4 25. a3 Rd3 26. Rae1 e5
27. Nxb5 Rhd8 28. Kf1 R8d5 29. Nc3 Rd7 30. Na4 R3d4 31. Rc2 g5 32. Rec1 Kg6 33.
Rc7 Rd1+ 34. Ke2 Rxc1 35. Rxc1 Rd4 36. Nb6 Bd8 37. Nc4 Bc7 38. Ne3 Bd8 39. Rd1
Bb6 40. Rxd4 exd4 41. Nc4 d3+ 42. Ke1 Bd4 43. Bc3 Bxc3+ 44. bxc3 Kf6 45. Kd2 b5
46. Nd6 Ke5 47. Nxb5 Ke4 48. a4 h5 49. a5 h4 50. Nd6+ Kf4 51. a6 h3 52. gxh3
Kf3 53. Nxf5 Kxf2 54. a7 1-0

[Event "2022 Fred Maris Cup (Division B)"]
[Site "Woodvale, Perth WA AUS"]
[Date "2022.06.22"]
[Round "2"]
[White "Knight, Charles"]
[Black "De Vas, Yonal"]
[Result "1-0"]
[WhiteElo "1445"]
[BlackElo "1523"]
[PlyCount "93"]
[EventDate "2022.06.15"]
[EventType "tourn"]
[EventRounds "5"]
[EventCountry "AUS"]

1. e4 e6 2. d4 d5 3. e5 c5 4. c3 Nc6 5. Nf3 Qb6 6. Qb3 Qxb3 7. axb3 b6 8. Bb5
Bd7 9. Na3 cxd4 10. Bxc6 Bxc6 11. cxd4 Ne7 12. O-O Ng6 13. Bd2 Be7 14. Rac1 Rc8
15. Nb5 Kd7 16. Nxa7 Rc7 17. Nxc6 Rxc6 18. Rxc6 Kxc6 19. Rc1+ Kd7 20. g3 Rc8
21. Rxc8 Kxc8 22. Bg5 h6 23. Bxe7 Nxe7 24. Kf1 Nc6 25. Ke2 g5 26. Kd3 Kb7 27.
h3 Ka6 28. Nh2 Kb5 29. Kc3 Nxd4 30. Kxd4 Kb4 31. Ng4 h5 32. Nf6 h4 33. Nd7 b5
34. Nc5 g4 35. Nd3+ Kxb3 36. Nf4 hxg3 37. fxg3 gxh3 38. Nxh3 Kxb2 39. Kc5 Kc3
40. Kxb5 d4 41. Ng5 d3 42. Kc5 d2 43. Ne4+ Kd3 44. Nxd2 Kxd2 45. Kd6 Kd3 46.
Ke7 Ke4 47. Kf6 1-0

[Event "2022 Fred Maris Cup (Division B)"]
[Site "Woodvale, Perth WA AUS"]
[Date "2022.06.22"]
[Round "2"]
[White "Boswarva, Ernest"]
[Black "Davis, Geoff"]
[Result "1-0"]
[WhiteElo "1506"]
[BlackElo "1532"]
[PlyCount "47"]
[EventDate "2022.06.15"]
[EventType "tourn"]
[EventRounds "5"]
[EventCountry "AUS"]

1. d4 d5 2. e3 e6 3. Bd3 Nf6 4. Nd2 c5 5. c3 Nc6 6. f4 Be7 7. Ngf3 a6 8. O-O b5
9. Ne5 Bb7 10. Qf3 O-O 11. g4 Nd7 12. g5 g6 13. Qh3 Ndxe5 14. dxe5 d4 15. Ne4
dxe3 16. Nf6+ Bxf6 17. exf6 Kh8 18. Be4 e2 19. Re1 Rb8 20. Be3 c4 21. Rxe2 e5
22. Rd2 Qc7 23. Rd7 Qc8 24. Bxg6 1-0

[Event "2022 Fred Maris Cup (Division C)"]
[Site "Woodvale, Perth WA AUS"]
[Date "2022.06.22"]
[Round "2"]
[White "Sowden, Miles"]
[Black "Hounsome, David"]
[Result "1/2-1/2"]
[WhiteElo "1510"]
[BlackElo "1334"]
[PlyCount "72"]
[EventDate "2022.06.15"]
[EventType "tourn"]
[EventRounds "5"]
[EventCountry "AUS"]

1. e4 b6 2. d4 Bb7 3. Nc3 e6 4. Nf3 Bb4 5. Bd3 Nf6 6. Qe2 d5 7. e5 Ne4 8. Bd2
Bxc3 9. bxc3 c5 10. Bxe4 dxe4 11. Ng5 Qd5 12. Qe3 O-O 13. O-O h6 14. Nh3 Nc6
15. Nf4 cxd4 16. cxd4 Qxd4 17. Bc3 Qxe3 18. fxe3 Rfd8 19. Rad1 Ne7 20. Bd4 Rd7
21. c3 Rad8 22. g3 Nc6 23. Rc1 Ba6 24. Rf2 Bc4 25. h4 b5 26. Rb2 a6 27. g4 g6
28. Rcc2 Rb7 29. a4 Rc8 30. axb5 axb5 31. Kf2 b4 32. cxb4 Nxb4 33. Rd2 Nd3+ 34.
Nxd3 Rxb2 35. Rxb2 Bxd3 36. Kg3 Kg7 1/2-1/2

[Event "2022 Fred Maris Cup (Division C)"]
[Site "Woodvale, Perth WA AUS"]
[Date "2022.07.13"]
[Round "2"]
[White "Brooke, John"]
[Black "Massam, Justin"]
[Result "1-0"]
[WhiteElo "1346"]
[BlackElo "1442"]
[PlyCount "117"]
[EventDate "2022.06.15"]
[EventType "tourn"]
[EventRounds "5"]
[EventCountry "AUS"]

1. d4 d5 2. Nc3 Nf6 3. Bf4 e6 4. h3 Bb4 5. Nf3 Nc6 6. a3 Ba5 7. b4 Bb6 8. e3 a5
9. b5 Ne7 10. a4 O-O 11. Bd3 c6 12. O-O Re8 13. Ne5 c5 14. Nf3 c4 15. Be2 Ng6
16. Bh2 Bc7 17. Qb1 Bxh2+ 18. Nxh2 b6 19. Nf3 Bb7 20. Bd1 Qc7 21. Ne2 Ne4 22.
c3 h6 23. Bc2 Rad8 24. Rd1 Ne7 25. Ne5 f6 26. Ng4 Ng6 27. f3 f5 28. Nf2 Nd6 29.
Ng3 Rf8 30. f4 Bc8 31. Nf1 Qe7 32. Nd2 Qh4 33. Nf3 Qg3 34. Nh1 Qxf3 35. gxf3
Nh4 36. Kf2 Rf6 37. Rg1 Kh7 38. Rg3 Bd7 39. Ke2 Be8 40. Qf1 Bh5 41. Bd1 Ne4 42.
Ke1 Nxc3 43. Bc2 Bxf3 44. Rxf3 Nxf3+ 45. Qxf3 Rg6 46. Ng3 Ne4 47. Bxe4 dxe4 48.
Qf2 c3 49. Ne2 Rc8 50. Rc1 c2 51. Ng3 Rc3 52. Nf1 Ra3 53. Qxc2 Rg1 54. Kf2 Rg6
55. Nd2 h5 56. Nc4 Rd3 57. Ne5 Rf6 58. Nxd3 exd3 59. Qxd3 1-0